| 000 | 00452nam a2200169Ia 4500 | ||
|---|---|---|---|
| 003 | LK-CoDNM | ||
| 008 | 010623t xxu||||| |||| 00| 1 eng d | ||
| 040 |
_aLK-CoDNM _dLK-CoDNM _eLK-CoDNM |
||
| 041 | _aeng | ||
| 080 | _a(x) 069 DES | ||
| 100 | _aDe Silva,P.H.D.H. | ||
| 245 | _aA Catalogue of Antiquities and Other Cultural Objects from Sri Lanka (Ceylon) Abroad | ||
| 260 | _b? | ||
| 300 | _b506p,97Pl., 25 cm | ||
| 650 | _aPalm Leaf | ||
| 942 | _cBK | ||
| 999 |
_c133383 _d133383 |
||